| 000 | 00522nam a2200169 i 4500 | ||
|---|---|---|---|
| 001 | 32399 | ||
| 003 | ES-MaACL | ||
| 005 | 20230906154551.0 | ||
| 007 | t| | ||
| 008 | 030131s1973 sp ||||1| spa d | ||
| 100 | 1 |
_aBenito Ruano, Eloy. _927689 |
|
| 245 | 1 | 0 |
_aAranceles de las puertas y puentes de Toledo / _cEloy Benito Ruano. |
| 260 |
_aToledo : _bDiputacción Provincial, _c1973. |
||
| 300 |
_a4 h. ; _c24 cm. |
||
| 500 | _aEs separata de: Anales Toledanos, VI, p. 175-179. | ||
| 852 |
_aES-MaACL _j2106-F-31 _bR.99372 |
||
| 999 |
_c32399 _d32399 |
||